000
00436nam a2200133Ia 4500
008
100328s9999 xx 000 0 und d
082
_b
60025
100
_a
जहागीरदार विजया.
245
_a
निवडुंगाचा मोहर.
260
_b
नंदादीप.
630
_a
निवडुंगाचा मोहर.
730
_a
निवडुंगाचा मोहर.
942
_c
BOOK
999
_c
546197
_d
546194